[Event "Mindsports Open 5th"]
[Site "London"]
[Date "2025.08.17"]
[Round "7.31"]
[White "Dasgupta, Avyukt"]
[Black "Wang, Luoke"]
[Result "1-0"]
[WhiteElo "2158"]
[BlackElo "1944"]
[PlyCount "77"]
[EventDate "2025.08.13"]
[EventType "swiss"]
[EventRounds "9"]
[EventCountry "ENG"]
[SourceTitle "BritBase"]
[Source "John Saunders"]
[SourceDate "2025.08.18"]
[SourceVersion "1"]
[SourceVersionDate "2025.08.18"]
[SourceQuality "1"]

1. e4 c5 2. Nf3 Nc6 3. Bb5 d6 4. Bxc6+ bxc6 5. Nc3 e5 6. d3 Nf6 7. h3 Be7 8. b3 h6 9. Qe2 Be6 10. Bd2 Nd7 11. Nd1 Qc7 12. Ne3 d5 13. c4 Qd6 14. cxd5 cxd5 15. exd5 Bxd5 16. Nxd5 Qxd5 17. Bc3 Bf6 18. Qe4 Qxe4+ 19. dxe4 O-O 20. O-O-O Nb6 21. a4 Rfd8 22. a5 Nd7 23. Rd5 Be7 24. Bxe5 Nf6 25. Bxf6 gxf6 26. Rhd1 Rxd5 27. Rxd5 Rd8 28. Kc2 Rxd5 29. exd5 Bd8 30. a6 Kf8 31. Kc3 Ke7 32. Kc4 Kd6 33. Nh4 Bb6 34. Nf5+ Kd7 35. Nxh6 Ke7 36. Nf5+ Kd7 37. h4 Kd8 38. h5 Ke8 39. h6 1-0

[Event "Mindsports Open 5th"]
[Site "London"]
[Date "2025.08.17"]
[Round "7.32"]
[White "Harper, Ryan"]
[Black "Kilambi, Venkata Ananth Aksh"]
[Result "1-0"]
[WhiteElo "2131"]
[BlackElo "1936"]
[PlyCount "159"]
[EventDate "2025.08.13"]
[EventType "swiss"]
[EventRounds "9"]
[EventCountry "ENG"]
[SourceTitle "BritBase"]
[Source "John Saunders"]
[SourceDate "2025.08.18"]
[SourceVersion "1"]
[SourceVersionDate "2025.08.18"]
[SourceQuality "1"]

1. e4 c6 2. d4 d5 3. e5 c5 4. Nf3 cxd4 5. Nxd4 Nc6 6. Bb5 Bd7 7. e6 fxe6 8. Bxc6 bxc6 9. Qe2 Nf6 10. Nd2 c5 11. Nxe6 Bxe6 12. Qxe6 Qc8 13. Qe2 Rb8 14. O-O g6 15. Nf3 Bg7 16. Ng5 Rb7 17. Ne6 Kf7 18. Ng5+ Ke8 19. Qa6 Qd7 20. Re1 Rb6 21. Qe2 Rg8 22. Ne6 Ne4 23. Nxg7+ Rxg7 24. c4 Nf6 25. cxd5 Qxd5 26. Bh6 Rf7 27. Rad1 Qf5 28. Qd2 Nd7 29. f3 e6 30. Be3 Kf8 31. Bh6+ Ke8 32. Re4 Qf6 33. Bg5 Qf5 34. h4 Kf8 35. Rf4 Qd5 36. Qe1 Qc6 37. Qc3 e5 38. Bh6+ Ke7 39. Bg5+ Kf8 40. Bh6+ Ke7 41. Re4 Qe6 42. Bg5+ Kf8 43. Bh6+ Ke7 44. Qa5 a6 45. Qd2 Rd6 46. Bg5+ Nf6 47. Qxd6+ Qxd6 48. Rxd6 Kxd6 49. Ra4 Nh5 50. Rxa6+ Kd5 51. Ra5 Rb7 52. b3 Kd4 53. Kf2 Nf4 54. Ra4+ Rb4 55. Bxf4 exf4 56. Ke2 Kc3 57. Ra5 Kb2 58. Rxc5 Kxa2 59. Rc4 Rxb3 60. Rxf4 Rb2+ 61. Kf1 Rb7 62. Rc4 Kb3 63. Rc1 Rd7 64. Kf2 Rd4 65. Kg3 Rd6 66. Kh3 h6 67. g4 Kb4 68. Kg3 Kb5 69. g5 hxg5 70. hxg5 Rd5 71. Kg4 Rd4+ 72. f4 Rd5 73. Rc8 Rd1 74. Rf8 Rd7 75. Rf6 Rg7 76. f5 gxf5+ 77. Kxf5 Kc5 78. g6 Rg8 79. Rf7 Kd6 80. g7 1-0

[Event "Mindsports Open 5th"]
[Site "London"]
[Date "2025.08.17"]
[Round "7.33"]
[White "Leong, Aiden"]
[Black "Zadvorny, Roman"]
[Result "1-0"]
[WhiteElo "2068"]
[BlackElo "1931"]
[PlyCount "53"]
[EventDate "2025.08.13"]
[EventType "swiss"]
[EventRounds "9"]
[EventCountry "ENG"]
[SourceTitle "BritBase"]
[Source "John Saunders"]
[SourceDate "2025.08.18"]
[SourceVersion "1"]
[SourceVersionDate "2025.08.18"]
[SourceQuality "1"]

1. d4 d5 2. Nf3 Nf6 3. c4 c6 4. Nbd2 Bf5 5. Nh4 Bg6 6. Qb3 Qc8 7. g3 e6 8. Bg2 Be7 9. O-O Nbd7 10. Nxg6 hxg6 11. e4 dxe4 12. Nxe4 Nxe4 13. Bxe4 Nf6 14. Bg2 Qd7 15. Rd1 Rd8 16. Bf4 O-O 17. a4 b6 18. a5 b5 19. Rac1 Rc8 20. d5 exd5 21. cxb5 cxb5 22. Rxc8 Rxc8 23. Bxd5 Nxd5 24. Rxd5 Qe6 25. Rxb5 Qe1+ 26. Kg2 g5 27. Re5 1-0

[Event "Mindsports Open 5th"]
[Site "London"]
[Date "2025.08.17"]
[Round "7.34"]
[White "Patel, Zain"]
[Black "Sachdeva, Ronit"]
[Result "1/2-1/2"]
[WhiteElo "2048"]
[BlackElo "2058"]
[PlyCount "67"]
[EventDate "2025.08.13"]
[EventType "swiss"]
[EventRounds "9"]
[EventCountry "ENG"]
[SourceTitle "BritBase"]
[Source "John Saunders"]
[SourceDate "2025.08.18"]
[SourceVersion "1"]
[SourceVersionDate "2025.08.18"]
[SourceQuality "1"]

1. d4 d5 2. c4 c6 3. Nc3 Nf6 4. cxd5 cxd5 5. f3 a6 6. e4 dxe4 7. fxe4 e5 8. d5 Bc5 9. Qa4+ b5 10. Qc2 Nbd7 11. Bg5 Qb6 12. Bxf6 Nxf6 13. Nf3 Ng4 14. d6 Bf2+ 15. Ke2 Be6 16. d7+ Kd8 17. Nd5 Bxd5 18. exd5 Qe3+ 19. Kd1 Qxf3+ 20. gxf3 Ne3+ 21. Kd2 Nxc2 22. Kxc2 Kxd7 23. a4 Kd6 24. axb5 axb5 25. Bxb5 Kxd5 26. Kd3 f6 27. Ra6 Rxa6 28. Bxa6 Rb8 29. Bc4+ Kd6 30. b3 Ra8 31. h4 Ra7 32. h5 Bg3 33. Ke4 Rd7 34. Rd1+ 1/2-1/2

[Event "Mindsports Open 5th"]
[Site "London"]
[Date "2025.08.17"]
[Round "7.35"]
[White "Bin-Suhayl, Ieysaa"]
[Black "Kapechun, Mikhailo"]
[Result "0-1"]
[WhiteElo "2217"]
[BlackElo "1985"]
[PlyCount "126"]
[EventDate "2025.08.13"]
[EventType "swiss"]
[EventRounds "9"]
[EventCountry "ENG"]
[SourceTitle "BritBase"]
[Source "John Saunders"]
[SourceDate "2025.08.18"]
[SourceVersion "1"]
[SourceVersionDate "2025.08.18"]
[SourceQuality "1"]

1. Nf3 c5 2. c4 Nc6 3. Nc3 g6 4. e3 Nf6 5. d4 cxd4 6. exd4 d5 7. Bg5 Be6 8. Ne5 Bg7 9. Qa4 O-O 10. Nxc6 bxc6 11. Qxc6 dxc4 12. Rd1 Nd5 13. Qc5 Rb8 14. Rd2 Qd7 15. Be2 Rfc8 16. Qa3 Nxc3 17. Qxc3 Qd5 18. Bf4 Rxb2 19. Rxb2 Bxd4 20. Qc1 Bxb2 21. Qxb2 c3 22. Qc1 Qxg2 23. Rf1 Bxa2 24. f3 Bb3 25. Rf2 Qh3 26. Bd3 Qd7 27. Bc2 Bxc2 28. Rxc2 Qd3 29. Kf2 Rc5 30. Kg3 e5 31. Bh6 Rc8 32. Qe1 f6 33. Qe3 Qd4 34. Qe2 g5 35. Qa6 Qc4 36. Qxf6 Qf4+ 37. Qxf4 gxf4+ 38. Kg4 a5 39. Kf5 Rc5 40. Ke4 Kf7 41. Bg5 Ke6 42. Bh4 Rd5 43. Bf2 Rd2 44. Rxc3 Re2+ 45. Kd3 Rxf2 46. Kc4 Rxh2 47. Kb5 h5 48. Kxa5 h4 49. Kb5 h3 50. Rc8 Rb2+ 51. Ka4 h2 52. Rh8 Kd5 53. Ka3 Rf2 54. Kb4 Kd4 55. Rh3 Ke3 56. Kc3 Rg2 57. Kc4 Kf2 58. Kd5 Rg5 59. Rxh2+ Kxf3 60. Rh3+ Kg2 61. Ra3 f3 62. Ke4 f2 63. Ra2 Kg1 0-1

[Event "Mindsports Open 5th"]
[Site "London"]
[Date "2025.08.17"]
[Round "7.37"]
[White "Mokhber-Garcia, Sebastian"]
[Black "Li, Harry"]
[Result "0-1"]
[WhiteElo "1962"]
[BlackElo "2242"]
[PlyCount "136"]
[EventDate "2025.08.13"]
[EventType "swiss"]
[EventRounds "9"]
[EventCountry "ENG"]
[SourceTitle "BritBase"]
[Source "John Saunders"]
[SourceDate "2025.08.18"]
[SourceVersion "1"]
[SourceVersionDate "2025.08.18"]
[SourceQuality "1"]

1. e4 e5 2. Nf3 Nc6 3. Bb5 a6 4. Ba4 Nf6 5. d3 b5 6. Bb3 Bc5 7. Nc3 d6 8. Nd5 h6 9. Nxf6+ Qxf6 10. Bd5 Bd7 11. Be3 Rb8 12. Bxc5 dxc5 13. Nd2 O-O 14. Nf1 Ne7 15. Bb3 Rfd8 16. Ne3 Be6 17. Qe2 Rd6 18. Bxe6 Qxe6 19. a4 Nc6 20. axb5 axb5 21. Nd5 Nd4 22. Qd1 c6 23. Ne3 c4 24. dxc4 Nb3 25. Qb1 Nxa1 26. Qxa1 bxc4 27. O-O Rd4 28. f3 Rd2 29. Qa4 Qg6 30. Rf2 Rxf2 31. Kxf2 Qd6 32. Ke2 c3 33. bxc3 Qc5 34. Qc4 Qxc4+ 35. Nxc4 f6 36. Na5 Rb6 37. Nb3 Kf7 38. Kd3 Ke7 39. Kc4 Kd6 40. Kd3 Ra6 41. Kd2 h5 42. Kc1 Ra8 43. Kd2 g5 44. h3 g4 45. hxg4 hxg4 46. Kd3 Rh8 47. Nd2 Kc5 48. Nf1 gxf3 49. gxf3 Rd8+ 50. Ke2 Kc4 51. Ne3+ Kxc3 52. Ng4 Rd6 53. Ne3 Rd2+ 54. Ke1 Rxc2 55. Ng4 Kd3 56. Nxf6 Ke3 57. Ng4+ Kxf3 58. Nxe5+ Kxe4 59. Ng4 Rg2 60. Nf6+ Kd4 61. Ne8 c5 62. Nc7 c4 63. Ne6+ Kc3 64. Nf4 Rh2 65. Nd5+ Kb2 66. Nb4 c3 67. Nd3+ Kb1 68. Nb4 Rh4 0-1

[Event "Mindsports Open 5th"]
[Site "London"]
[Date "2025.08.17"]
[Round "7.38"]
[White "White, Stuart A"]
[Black "Bevis, Noah"]
[Result "1-0"]
[WhiteElo "2095"]
[BlackElo "1966"]
[PlyCount "80"]
[EventDate "2025.08.13"]
[EventType "swiss"]
[EventRounds "9"]
[EventCountry "ENG"]
[SourceTitle "BritBase"]
[Source "John Saunders"]
[SourceDate "2025.08.18"]
[SourceVersion "1"]
[SourceVersionDate "2025.08.18"]
[SourceQuality "1"]

1. d4 Nf6 2. c4 g6 3. Nc3 Bg7 4. g3 d6 5. Bg2 O-O 6. h3 c5 7. e3 a6 8. Nge2 Qc7 9. b3 Nc6 10. O-O Bd7 11. Bb2 Rab8 12. Rc1 Na7 13. Qd2 Rfc8 14. Rfd1 Bc6 15. e4 b5 16. Nd5 Nxd5 17. cxd5 Be8 18. dxc5 dxc5 19. Bxg7 Kxg7 20. b4 c4 21. Qd4+ f6 22. Qe3 Bf7 23. h4 h5 24. Nf4 Qb6 25. Qc3 Qd6 26. Bh3 Rd8 27. Re1 Qe5 28. Qe3 Nc8 29. Be6 g5 30. Bxf7 Kxf7 31. hxg5 fxg5 32. Ne6 Rg8 33. Qf3+ Ke8 34. Qxh5+ Kd7 35. Qg4 Kd6 36. Nc5 Nb6 37. Qh5 Rbf8 38. Qg4 Rh8 39. Nd3 Qg7 40. Qe6+ Kc7 1-0

[Event "Mindsports Open 5th"]
[Site "London"]
[Date "2025.08.17"]
[Round "7.39"]
[White "Golub, Nikolina"]
[Black "Pereslavtsev, Alexandr"]
[Result "0-1"]
[WhiteElo "1933"]
[BlackElo "2079"]
[PlyCount "58"]
[EventDate "2025.08.13"]
[EventType "swiss"]
[EventRounds "9"]
[EventCountry "ENG"]
[SourceTitle "BritBase"]
[Source "John Saunders"]
[SourceDate "2025.08.18"]
[SourceVersion "1"]
[SourceVersionDate "2025.08.18"]
[SourceQuality "1"]

1. d4 Nf6 2. c4 c5 3. Nf3 g6 4. g3 cxd4 5. Nxd4 Nc6 6. Bg2 Bg7 7. O-O O-O 8. Nc3 a6 9. Nc2 d6 10. e4 Nd7 11. Be3 Nb6 12. Qe2 Be6 13. Nd5 Na4 14. Rab1 Rc8 15. Na3 Bxd5 16. exd5 Nb4 17. Bd2 Qb6 18. b3 Nc3 19. Bxc3 Bxc3 20. Nc2 Nxa2 21. Qxe7 Rce8 22. Qd7 Re2 23. Ne3 Bd4 24. Bf3 Rd2 25. Nd1 Nb4 26. Qe7 Nd3 27. Be2 Ne5 28. Re1 f5 29. Qg5 Rxe2 0-1

[Event "Mindsports Open 5th"]
[Site "London"]
[Date "2025.08.17"]
[Round "7.40"]
[White "Mittal, Aditya"]
[Black "Lochte, Thomas"]
[Result "1/2-1/2"]
[WhiteElo "1927"]
[BlackElo "2023"]
[PlyCount "71"]
[EventDate "2025.08.13"]
[EventType "swiss"]
[EventRounds "9"]
[EventCountry "ENG"]
[SourceTitle "BritBase"]
[Source "John Saunders"]
[SourceDate "2025.08.18"]
[SourceVersion "1"]
[SourceVersionDate "2025.08.18"]
[SourceQuality "1"]

1. e4 e5 2. Nf3 Nc6 3. Bb5 a6 4. Ba4 Nf6 5. O-O b5 6. Bb3 Be7 7. Re1 O-O 8. h3 Bb7 9. d3 Na5 10. Nxe5 Nxb3 11. axb3 d5 12. exd5 Qxd5 13. Qf3 Bd6 14. Qxd5 Nxd5 15. Bd2 Rfe8 16. d4 c5 17. c3 Rad8 18. Nd3 Rxe1+ 19. Bxe1 cxd4 20. cxd4 Nf4 21. Nxf4 Bxf4 22. Bc3 b4 23. Bd2 Bc7 24. Be3 f5 25. g3 Bb6 26. Ra4 a5 27. Nd2 Bxd4 28. Nc4 Bb6 29. Ra1 Bc7 30. Kf1 Be4 31. Ke2 Bd3+ 32. Kf3 Bc2 33. Nd2 Be5 34. Nc4 Be4+ 35. Ke2 Bd3+ 36. Kf3 1/2-1/2

[Event "Mindsports Open 5th"]
[Site "London"]
[Date "2025.08.17"]
[Round "7.41"]
[White "Leung, Hao Ran"]
[Black "Wastney, Dylan"]
[Result "1-0"]
[WhiteElo "1915"]
[BlackElo "1981"]
[PlyCount "91"]
[EventDate "2025.08.13"]
[EventType "swiss"]
[EventRounds "9"]
[EventCountry "ENG"]
[SourceTitle "BritBase"]
[Source "John Saunders"]
[SourceDate "2025.08.18"]
[SourceVersion "1"]
[SourceVersionDate "2025.08.18"]
[SourceQuality "1"]

1. Nf3 Nf6 2. c4 e6 3. g3 d5 4. Bg2 Be7 5. O-O O-O 6. d4 c5 7. cxd5 exd5 8. Nc3 Nc6 9. dxc5 Bxc5 10. Bg5 d4 11. Bxf6 Qxf6 12. Nd5 Qd6 13. Nd2 Bf5 14. Rc1 a6 15. Nc4 Qd8 16. Ne5 Qd6 17. Nxc6 bxc6 18. Nf4 Rab8 19. Nd3 Bxd3 20. Qxd3 Rxb2 21. Qxa6 Re8 22. Qxc6 Qxc6 23. Bxc6 Re5 24. f4 d3+ 25. Kh1 Rexe2 26. Rxc5 d2 27. Bf3 Rxh2+ 28. Kg1 g6 29. Rd1 Rh6 30. a4 Ra2 31. a5 g5 32. Rxg5+ Rg6 33. Rd5 Ra6 34. R1xd2 Rxd2 35. Rxd2 Rxa5 36. Rd7 Kg7 37. Bd5 Kg6 38. Bxf7+ Kf6 39. Be8 Ra3 40. Kg2 h6 41. Rh7 Re3 42. Bh5 Kf5 43. Rxh6 Ra3 44. Rh8 Ra2+ 45. Kh3 Ra1 46. Rf8+ 1-0

[Event "Mindsports Open 5th"]
[Site "London"]
[Date "2025.08.17"]
[Round "7.42"]
[White "Fil, Alkim Alper"]
[Black "Rice, Leah"]
[Result "1/2-1/2"]
[WhiteElo "1900"]
[BlackElo "1979"]
[PlyCount "57"]
[EventDate "2025.08.13"]
[EventType "swiss"]
[EventRounds "9"]
[EventCountry "ENG"]
[SourceTitle "BritBase"]
[Source "John Saunders"]
[SourceDate "2025.08.18"]
[SourceVersion "1"]
[SourceVersionDate "2025.08.18"]
[SourceQuality "1"]

1. d4 d5 2. c4 c6 3. Nf3 Nf6 4. g3 e6 5. Bg2 Bd6 6. O-O Nbd7 7. Qc2 O-O 8. Nbd2 Qe7 9. Re1 Bb4 10. a3 Bxd2 11. Bxd2 a5 12. b4 Ne4 13. c5 e5 14. Nxe5 Nxe5 15. dxe5 Nxd2 16. Qxd2 axb4 17. axb4 Rxa1 18. Rxa1 Qxe5 19. Rd1 Bf5 20. f4 Qe6 21. Ra1 h6 22. Ra7 Rb8 23. b5 Qe7 24. Qd4 Qxe2 25. Qe5 Qd1+ 26. Bf1 Be4 27. Qxb8+ Kh7 28. Ra2 Qf3 29. Rg2 1/2-1/2

[Event "Mindsports Open 5th"]
[Site "London"]
[Date "2025.08.17"]
[Round "7.43"]
[White "Ding, Yiwen"]
[Black "Oleszczuk, Artur"]
[Result "1/2-1/2"]
[WhiteElo "1844"]
[BlackElo "1868"]
[PlyCount "128"]
[EventDate "2025.08.13"]
[EventType "swiss"]
[EventRounds "9"]
[EventCountry "ENG"]
[SourceTitle "BritBase"]
[Source "John Saunders"]
[SourceDate "2025.08.18"]
[SourceVersion "1"]
[SourceVersionDate "2025.08.18"]
[SourceQuality "1"]

1. d4 Nf6 2. c4 e6 3. Nf3 b6 4. g3 Bb7 5. Bg2 Be7 6. O-O O-O 7. d5 exd5 8. Nh4 Ne4 9. cxd5 Nd6 10. Nf3 Na6 11. Nc3 f5 12. Nd4 Bf6 13. Bf4 Ne8 14. h4 g6 15. Rc1 Rf7 16. a3 Ng7 17. Ncb5 d6 18. Ne6 Qb8 19. Nxg7 Bxg7 20. b4 Qe8 21. Qd3 Re7 22. Rc2 Nxb4 23. axb4 Ba6 24. Nxc7 Rxc7 25. Qb3 Rxc2 26. Qxc2 Qxe2 27. Qxe2 Bxe2 28. Re1 Bc4 29. Bxd6 Rd8 30. Bc7 Rxd5 31. Bxd5+ Bxd5 32. Rd1 Bc6 33. Rc1 Bd5 34. b5 Bf8 35. Bb8 Bc5 36. Bxa7 Kf7 37. Rd1 Ke6 38. Bb8 Bc4 39. Rb1 Bd3 40. Rb2 Kd5 41. Bf4 Kc4 42. Ra2 Kxb5 43. Ra7 h5 44. Rg7 Kc4 45. Rxg6 b5 46. Rg5 b4 47. Rxh5 b3 48. Be5 Bd4 49. Bxd4 Kxd4 50. Rh8 b2 51. Rb8 b1=R+ 52. Rxb1 Bxb1 53. h5 Ke5 54. h6 Kf6 55. h7 Kg7 56. h8=Q+ Kxh8 57. Kg2 Be4+ 58. f3 Bd5 59. Kf2 Kg7 60. Ke3 Kf6 61. Kf4 Bxf3 62. Kxf3 Kg5 63. Kf2 f4 64. gxf4+ Kxf4 1/2-1/2

[Event "Mindsports Open 5th"]
[Site "London"]
[Date "2025.08.17"]
[Round "7.44"]
[White "White, Chris"]
[Black "Lee, Kah Meng Elgin"]
[Result "0-1"]
[WhiteElo "1817"]
[BlackElo "2036"]
[PlyCount "72"]
[EventDate "2025.08.13"]
[EventType "swiss"]
[EventRounds "9"]
[EventCountry "ENG"]
[SourceTitle "BritBase"]
[Source "John Saunders"]
[SourceDate "2025.08.18"]
[SourceVersion "1"]
[SourceVersionDate "2025.08.18"]
[SourceQuality "1"]

1. e4 Nf6 2. e5 Nd5 3. d4 d6 4. c4 Nb6 5. exd6 cxd6 6. Nc3 g6 7. h3 Bg7 8. Nf3 O-O 9. Be2 Bf5 10. O-O Nc6 11. d5 Na5 12. Nd4 Naxc4 13. a4 a5 14. Nxf5 gxf5 15. Re1 Rc8 16. Bd3 Qd7 17. Qh5 e6 18. Bh6 Ne5 19. Re3 Ng6 20. Rae1 Nc4 21. Bxc4 Rxc4 22. Bxg7 Kxg7 23. dxe6 fxe6 24. Rxe6 d5 25. Qg5 Rf7 26. f3 Rc6 27. Re8 h6 28. Qd8 d4 29. Nd5 Rd6 30. Rg8+ Kh7 31. Ree8 Rxd5 32. Rh8+ Nxh8 33. Rxh8+ Kg6 34. Qh4 Rh7 35. Rg8+ Kf7 36. Qg3 Qd6 0-1

[Event "Mindsports Open 5th"]
[Site "London"]
[Date "2025.08.17"]
[Round "7.45"]
[White "Ding, Yicheng"]
[Black "Ganguly, Aryaman"]
[Result "1-0"]
[WhiteElo "1793"]
[BlackElo "1824"]
[PlyCount "106"]
[EventDate "2025.08.13"]
[EventType "swiss"]
[EventRounds "9"]
[EventCountry "ENG"]
[SourceTitle "BritBase"]
[Source "John Saunders"]
[SourceDate "2025.08.18"]
[SourceVersion "1"]
[SourceVersionDate "2025.08.18"]
[SourceQuality "1"]

1. d4 d5 2. c4 e6 3. Nc3 Nf6 4. Bf4 c6 5. e3 Be7 6. Nf3 Nbd7 7. Bd3 O-O 8. Qc2 b6 9. O-O Bb7 10. Ne5 h6 11. Rad1 Qc8 12. Qe2 c5 13. cxd5 Nxd5 14. Nxd5 Bxd5 15. Nxd7 Qxd7 16. dxc5 Bxc5 17. e4 Bc6 18. e5 Qe7 19. Qg4 f5 20. exf6 Qxf6 21. Be3 Bd5 22. Bxc5 bxc5 23. b3 Rad8 24. Qe2 Qg5 25. f3 Qh4 26. Rc1 Qd4+ 27. Kh1 Rc8 28. Rfd1 Qf4 29. Bc4 Rfd8 30. Re1 Qf7 31. h3 Kh8 32. Qe3 Qf6 33. Qe2 Qf4 34. Ba6 Rc7 35. Bd3 Rf8 36. Rcd1 Rcf7 37. Be4 Qg5 38. Rc1 Rc7 39. Rc2 Rfc8 40. Bd3 Qf4 41. Bc4 Rf8 42. Rcc1 Rf5 43. Bd3 Rg5 44. Rc2 Rc8 45. Qe3 Qg3 46. Qf2 Qf4 47. Rce2 Qd6 48. h4 Rh5 49. Bg6 Rf5 50. Bxf5 exf5 51. Re5 Rf8 52. Qd2 Rd8 53. Qf4 Rf8 1-0

[Event "Mindsports Open 5th"]
[Site "London"]
[Date "2025.08.17"]
[Round "7.46"]
[White "Sajanani, Vikas"]
[Black "Oupindrin, Narayanin"]
[Result "1-0"]
[WhiteElo "1892"]
[BlackElo "1875"]
[PlyCount "132"]
[EventDate "2025.08.13"]
[EventType "swiss"]
[EventRounds "9"]
[EventCountry "ENG"]
[SourceTitle "BritBase"]
[Source "John Saunders"]
[SourceDate "2025.08.18"]
[SourceVersion "1"]
[SourceVersionDate "2025.08.18"]
[SourceQuality "1"]

1. d4 Nf6 2. c4 e6 3. Nc3 Bb4 4. Qc2 Nc6 5. e3 d5 6. Bd2 O-O 7. f4 Bxc3 8. Bxc3 Ne4 9. Nf3 f5 10. Bd3 Nxc3 11. Qxc3 Qe7 12. Rc1 Bd7 13. a3 Nd8 14. c5 Nf7 15. h4 Nh6 16. Ne5 Be8 17. Qb3 c6 18. Be2 Nf7 19. Nd3 Nh6 20. Qd1 Nf7 21. Nb4 Qf6 22. Na2 Nh6 23. g3 Rd8 24. h5 Rd7 25. b4 g5 26. hxg6 Qxg6 27. Kd2 Rg7 28. Qa4 Ng4 29. Rhg1 a6 30. Nc3 Nf6 31. Qb3 Qf7 32. Rg2 Kh8 33. Rh1 Rfg8 34. Rh3 Ng4 35. Bf3 Qf6 36. Ne2 Qf7 37. Nc1 Qe7 38. Nd3 Bf7 39. Bxg4 Rxg4 40. Ne5 R4g7 41. a4 Rc8 42. Rgh2 Be8 43. Kc3 Rc7 44. Qd1 Rc8 45. Qh1 Rc7 46. Nf3 Bg6 47. Ng5 Qd7 48. Rh6 Qe8 49. R2h4 Rcd7 50. Qb1 Rc7 51. Kd2 Kg8 52. Qh1 Rce7 53. Ke2 Rc7 54. Kf2 Rce7 55. Nf3 Qd8 56. Ne5 Be8 57. a5 Qc7 58. Rf6 Qc8 59. Rhh6 Bf7 60. Nf3 Bg6 61. Ng5 Qe8 62. Qh4 Qc8 63. Rfxg6 Rxg6 64. Rxh7 Qd7 65. Rh8+ Kg7 66. Qh7+ Kf6 1-0

[Event "Mindsports Open 5th"]
[Site "London"]
[Date "2025.08.17"]
[Round "8.1"]
[White "Urkedal, Frode Olav Olsen"]
[Black "Hauge, Lars Oskar"]
[Result "1/2-1/2"]
[WhiteElo "2558"]
[BlackElo "2460"]
[PlyCount "77"]
[EventDate "2025.08.13"]
[EventType "swiss"]
[EventRounds "9"]
[EventCountry "ENG"]
[SourceTitle "BritBase"]
[Source "John Saunders"]
[SourceDate "2025.08.18"]
[SourceVersion "1"]
[SourceVersionDate "2025.08.18"]
[SourceQuality "1"]

1. d4 e6 2. c4 f5 3. Nf3 Nf6 4. g3 Ne4 5. Bg2 d5 6. Nc3 c6 7. Bf4 Be7 8. h4 O-O 9. Qc2 Nd7 10. e3 Nxc3 11. Qxc3 a5 12. a3 a4 13. Qc2 Qa5+ 14. Nd2 b5 15. c5 Bf6 16. Bd6 Re8 17. f4 Be7 18. Bxe7 Rxe7 19. Qc3 Qxc3 20. bxc3 h5 21. Nf3 Ra6 22. Kd2 Nf6 23. Ne5 Rc7 24. Rab1 Bd7 25. Bf3 Be8 26. Rhe1 Ra5 27. Rb4 Kf8 28. Rb2 Ke7 29. c4 dxc4 30. e4 Kf8 31. Kc3 Raa7 32. Rbe2 Rc8 33. Bg2 Rac7 34. Kb4 Rd8 35. Kc3 Kg8 36. Bf3 Kf8 37. Bg2 Kg8 38. Bf3 Kf8 39. Bg2 1/2-1/2

[Event "Mindsports Open 5th"]
[Site "London"]
[Date "2025.08.17"]
[Round "8.2"]
[White "Janik, Igor"]
[Black "Czopor, Maciej"]
[Result "1-0"]
[WhiteElo "2519"]
[BlackElo "2434"]
[PlyCount "175"]
[EventDate "2025.08.13"]
[EventType "swiss"]
[EventRounds "9"]
[EventCountry "ENG"]
[SourceTitle "BritBase"]
[Source "John Saunders"]
[SourceDate "2025.08.18"]
[SourceVersion "1"]
[SourceVersionDate "2025.08.18"]
[SourceQuality "1"]

1. Nf3 d5 2. g3 Nd7 3. d4 Nb6 4. Nbd2 Bf5 5. Nh4 Bg4 6. h3 Bh5 7. a4 a5 8. Ng2 e6 9. Nf4 Bg6 10. Nxg6 hxg6 11. Bg2 Nf6 12. e4 dxe4 13. Nxe4 Nxe4 14. Bxe4 c6 15. c3 Bd6 16. h4 Qc7 17. Bg5 Be7 18. Bf4 Bd6 19. Bxd6 Qxd6 20. Qf3 Rd8 21. O-O Nd5 22. Rfe1 O-O 23. Bc2 Nf6 24. Re5 Qc7 25. Rae1 Rd5 26. g4 Qb6 27. b3 Nd7 28. Rxd5 cxd5 29. g5 Rc8 30. Re3 Qd8 31. Qg4 Nf8 32. h5 gxh5 33. Qxh5 g6 34. Qh4 Nh7 35. f4 Qf8 36. Rh3 Qg7 37. Qe1 Nf8 38. Kf1 Nd7 39. Qe2 Rc7 40. Ke1 Nb8 41. Kd2 Nc6 42. Kc1 Rc8 43. Kb1 Rc7 44. Rh6 Ne7 45. Kb2 Rd7 46. Bd3 Rd8 47. Qh2 Nc8 48. Qe2 Ne7 49. Bc2 Rd7 50. Rh1 Kf8 51. Qb5 Nc6 52. Bd3 Ke8 53. Qb6 Qf8 54. Bb5 Qd6 55. Bxc6 bxc6 56. Rh4 Qc7 57. Qxc7 Rxc7 58. Rh8+ Ke7 59. Ra8 f6 60. Rxa5 fxg5 61. fxg5 e5 62. Ra8 e4 63. a5 Ke6 64. Rf8 Rh7 65. a6 Rh2+ 66. Kb1 Rh1+ 67. Kc2 Rh2+ 68. Kd1 Ra2 69. Rf6+ Kd7 70. a7 Ke7 71. Rxg6 Kf7 72. Rf6+ Kg7 73. Rxc6 Rxa7 74. Rd6 Ra1+ 75. Kd2 Ra2+ 76. Ke3 Rc2 77. Rxd5 Rxc3+ 78. Kxe4 Rxb3 79. Re5 Kg6 80. d5 Rb4+ 81. Kd3 Rb1 82. Kc4 Rd1 83. Kc5 Rc1+ 84. Kb6 Rd1 85. Kc7 Rc1+ 86. Kd7 Rc5 87. Ke6 Ra5 88. d6 1-0

[Event "Mindsports Open 5th"]
[Site "London"]
[Date "2025.08.17"]
[Round "8.3"]
[White "Feuerstack, Aljoscha"]
[Black "Csonka, Balazs"]
[Result "1/2-1/2"]
[WhiteElo "2449"]
[BlackElo "2467"]
[PlyCount "37"]
[EventDate "2025.08.13"]
[EventType "swiss"]
[EventRounds "9"]
[EventCountry "ENG"]
[SourceTitle "BritBase"]
[Source "John Saunders"]
[SourceDate "2025.08.18"]
[SourceVersion "1"]
[SourceVersionDate "2025.08.18"]
[SourceQuality "1"]

1. e4 e5 2. Nf3 Nc6 3. Bb5 Nf6 4. O-O Nxe4 5. Re1 Nd6 6. Nxe5 Be7 7. Bf1 Nxe5 8. Rxe5 O-O 9. d4 Bf6 10. Re1 Re8 11. c3 Rxe1 12. Qxe1 Ne8 13. d5 c6 14. Be3 cxd5 15. Qd2 Nc7 16. Na3 d6 17. Nc2 Bf5 18. Nd4 Bd7 19. a4 1/2-1/2

[Event "Mindsports Open 5th"]
[Site "London"]
[Date "2025.08.17"]
[Round "8.4"]
[White "Clarke, Brandon G I"]
[Black "Li, Wenxiang"]
[Result "1-0"]
[WhiteElo "2491"]
[BlackElo "2395"]
[PlyCount "105"]
[EventDate "2025.08.13"]
[EventType "swiss"]
[EventRounds "9"]
[EventCountry "ENG"]
[SourceTitle "BritBase"]
[Source "John Saunders"]
[SourceDate "2025.08.18"]
[SourceVersion "1"]
[SourceVersionDate "2025.08.18"]
[SourceQuality "1"]

1. e4 c6 2. d4 d5 3. e5 Bf5 4. Nc3 e6 5. g4 Bg6 6. Nge2 c5 7. h4 h5 8. Nf4 Bh7 9. Nxh5 cxd4 10. Qxd4 Nc6 11. Bb5 Bxc2 12. Bg5 Qa5 13. Rc1 Bg6 14. Nf4 Be7 15. Nxg6 Bxg5 16. Qc5 O-O-O 17. b4 Qxb4 18. Qxb4 Nxb4 19. f4 fxg6 20. Ne4+ Kb8 21. Nxg5 Nh6 22. a3 a6 23. Be2 Nc6 24. Nxe6 Rde8 25. Nc5 Nd4 26. Rb1 Re7 27. Nxa6+ Ka7 28. Nb4 Rf8 29. Rf1 Nxe2 30. Kxe2 Nxg4 31. Nxd5 Re6 32. Rfc1 Nf6 33. Nc7 Re7 34. Rb4 Kb8 35. Na6+ Ka7 36. Nc7 Kb8 37. Na6+ Ka7 38. Rc7 Rxc7 39. Nxc7 Nh5 40. Kf3 Rd8 41. Nb5+ Kb6 42. Nd4+ Ka6 43. Ra4+ Kb6 44. Rb4+ Ka6 45. Rc4 Kb6 46. a4 Rf8 47. Nb5 Ra8 48. Kg4 Rf8 49. Nd6 Ka6 50. Kg5 b6 51. e6 Nf6 52. e7 Rh8 53. Kxg6 1-0